000 00511 a2200193 4500
005 20250329115226.0
008 250329b |||||||| |||| 00| 0 eng d
020 _a978939036450
_c2023
040 _aMAIN
082 _a005.133
_bM774D
100 _aMehra, Ritika
245 _aData structures using C
260 _aNoida
_bPearson India Education Services
_c2023
300 _av.
650 _aComputer Science
650 _aData Structures
650 _aC- Computer Programming Language
942 _cBK
999 _c386769
_d386769